Wszystkie albumy Słonia - Statystyki

Ogólne statystyki
  • Ten quiz został rozwiązany 108 razy
  • Średni wynik to 6 z 13
Statystyki odpowiedzi
Rok wydania Nazwa albumu % Poprawnych
2020 Redrum
89%
2010 Demonologia
87%
2018 Mutylator
83%
2009 Chore melodie
69%
2013 Demonologia II
63%
2015 Brain Dead Familia
55%
2012 Szkoła Wyrzutków
35%
2019 EP
33%
2016 Czarne Słońce Świt
11%
2017 Czarne Słońce Zenit
11%
2017 Czarne Słońce Zmierzch
9%
2020 Sick6ix
5%
2009 WSHR Remiksy
1%
Nie znaleziono quizów pasujących do podanych kryteriów
Rozkład punktacji
Procent ludzi z każdym wynikiem
Percentyl według liczby udzielonych odpowiedzi
Twoja historia wyników
Nie rozwiązałeś tego quizu